<?xml version="1.0" encoding="UTF-8"?>
<collection xmlns="http://www.loc.gov/MARC21/slim">
 <record>
  <leader>01401nam a2200253 a 4500</leader>
  <controlfield tag="001">1/41336</controlfield>
  <controlfield tag="008">110701s2009    gr a     b    00010 gre  </controlfield>
  <datafield tag="020" ind1=" " ind2=" ">
   <subfield code="a">9789608933958</subfield>
  </datafield>
  <datafield tag="035" ind1=" " ind2=" ">
   <subfield code="l">44123</subfield>
  </datafield>
  <datafield tag="040" ind1=" " ind2=" ">
   <subfield code="a">GR-PeUP</subfield>
  </datafield>
  <datafield tag="082" ind1="0" ind2="0">
   <subfield code="a">938 ΣΤΑ</subfield>
  </datafield>
  <datafield tag="100" ind1="1" ind2=" ">
   <subfield code="a">Σταϊνχάουερ, Γεώργιος.</subfield>
  </datafield>
  <datafield tag="245" ind1="1" ind2="2">
   <subfield code="a">Ο Μαραθών και το Αρχαιολογικό Μουσείο /</subfield>
   <subfield code="c">Γεώργιος Σταινχάουερ ;φωτογράφος Σωκράτης Μαυρομάτης ;σχεδιασμός και καλλιτεχνική επιμέλεια Δημήτρης Καλοκύρης.</subfield>
  </datafield>
  <datafield tag="260" ind1="0" ind2=" ">
   <subfield code="a">Αθήνα :</subfield>
   <subfield code="b">Κοινωφελές Ίδρυμα Ιωάννη Σ. Λάτση,</subfield>
   <subfield code="c">2009.</subfield>
  </datafield>
  <datafield tag="300" ind1=" " ind2=" ">
   <subfield code="a">330 σ. :</subfield>
   <subfield code="b">εικ. ;</subfield>
   <subfield code="c">30 εκ.</subfield>
  </datafield>
  <datafield tag="504" ind1=" " ind2=" ">
   <subfield code="a">Περιέχει βιβλιογραφία.</subfield>
  </datafield>
  <datafield tag="610" ind1="2" ind2="4">
   <subfield code="a">Αρχαιολογικό Μουσείο Ολυμπίας.</subfield>
  </datafield>
  <datafield tag="650" ind1=" " ind2="4">
   <subfield code="a">Μουσεία</subfield>
   <subfield code="z">Ελλάδα.</subfield>
  </datafield>
  <datafield tag="651" ind1=" " ind2="4">
   <subfield code="a">Μαραθώνας (Αττική)</subfield>
   <subfield code="x">Αρχαιότητες.</subfield>
  </datafield>
  <datafield tag="651" ind1=" " ind2="4">
   <subfield code="a">Μαραθώνας (Αττική)</subfield>
   <subfield code="x">Ιστορία.</subfield>
  </datafield>
  <datafield tag="700" ind1="1" ind2=" ">
   <subfield code="a">Μαυρομάτης, Σωκράτης.</subfield>
  </datafield>
  <datafield tag="700" ind1="1" ind2=" ">
   <subfield code="a">Καλοκύρης, Δημήτρης Κ.,</subfield>
   <subfield code="d">1948-</subfield>
  </datafield>
  <datafield tag="710" ind1="2" ind2=" ">
   <subfield code="a">Κοινωφελές Ίδρυμα Ιωάννη Σ. Λάτση.</subfield>
  </datafield>
  <datafield tag="852" ind1=" " ind2=" ">
   <subfield code="a">INST</subfield>
   <subfield code="b">UNIPILB</subfield>
   <subfield code="c">MAIN</subfield>
   <subfield code="e">20110701</subfield>
   <subfield code="h">938 ΣΤΑ</subfield>
   <subfield code="p">00163145</subfield>
   <subfield code="q">00163145</subfield>
   <subfield code="t">LOAN</subfield>
   <subfield code="y">0</subfield>
   <subfield code="4">1</subfield>
  </datafield>
 </record>
</collection>
